[Event "Bargteheide op"]
[Site "Bargteheide"]
[Date "2008.05.04"]
[Round "7"]
[White "Wronn, Bernd"]
[Black "Skjoldborg, Jesper"]
[Result "0-1"]
[WhiteElo "2242"]
[BlackElo "2273"]
[PlyCount "90"]
[EventDate "2008.05.01"]
[EventType "swiss"]
[EventRounds "7"]
[EventCountry "GER"]
[SourceTitle "CBM 124 Extra"]
[Source "ChessBase"]
[SourceDate "2008.07.03"]
[SourceVersion "1"]
[SourceVersionDate "2008.07.03"]
[SourceQuality "1"]

1. Nf3 Nf6 2. c4 g6 3. Nc3 Bg7 4. g3 0-0 5. Bg2 d6 6. 0-0 c6 7. d4 Qa5 8. e4 Bg4 9. h3 Bxf3 10. Bxf3 e5 11. dxe5 dxe5 12. Qb3 Qc7 13. c5 Rd8 14. Be3 Nbd7 15. Rfd1 Nf8 16. Rxd8 Rxd8 17. Rd1 Rxd1+ 18. Qxd1 Ne6 19. Bg2 Nd7 20. b4 Nd4 21. Ne2 Nxe2+ 22. Qxe2 Nf8 23. Qd2 Ne6 24. Bf1 Qd8 25. Qxd8+ Nxd8 26. Bc4 Bf6 27. Kf1 Kf8 28. Ke2 Ke7 29. Kd3 Ne6 30. a4 Bg5 31. Bxg5+ Nxg5 32. b5 Nxh3 33. b6 a5 34. Ba6 Ng5 35. Bxb7 Kd7 36. Ba6 Ne6 37. Kc4 h5 38. Bb5 Nd4 39. Ba6 g5 40. Kc3 Ne6 41. Bc4 h4 42. Bf1 Nxc5 43. Bh3+ Kd6 44. b7 Nxb7 45. f4 exf4 0-1

[Event "Prague op-A 07th"]
[Site "Prague"]
[Date "2008.01.16"]
[Round "7"]
[White "Skjoldborg, Jesper"]
[Black "Toman, Jaroslav"]
[Result "0-1"]
[WhiteElo "2294"]
[BlackElo "2142"]
[PlyCount "90"]
[EventDate "2008.01.11"]
[EventType "swiss"]
[EventRounds "9"]
[EventCountry "CZE"]
[SourceTitle "CBM 122 Extra"]
[Source "ChessBase"]
[SourceDate "2008.03.04"]
[SourceVersion "1"]
[SourceVersionDate "2008.03.04"]
[SourceQuality "1"]

1. e4 d6 2. d4 Nf6 3. Nc3 g6 4. f4 Bg7 5. Nf3 0-0 6. Bd3 Na6 7. 0-0 c5 8. d5 Bg4 9. Bc4 Nc7 10. h3 Bxf3 11. Qxf3 Rb8 12. a4 e6 13. dxe6 fxe6 14. Nb5 Nfe8 15. Nxa7 d5 16. exd5 exd5 17. Ba2 Kh8 18. Nb5 Nxb5 19. axb5 c4 20. Rd1 Qb6+ 21. Kh1 Nc7 22. c3 Ra8 23. Be3 Qxb5 24. Qf2 Ra6 25. Bc5 Rfa8 26. Ba3 Bxc3 27. bxc3 Rxa3 28. f5 Qa6 29. Qd4+ Kg8 30. Re1 Qd6 31. fxg6 hxg6 32. Re2 R3a6 33. Rae1 Qf6 34. Qg4 Rxa2 35. Rxa2 Rxa2 36. Qc8+ Kg7 37. Qxc7+ Kh6 38. Qg3 Qf2 39. Qxf2 Rxf2 40. Rd1 Rc2 41. Rxd5 Rxc3 42. Kg1 Rd3 43. Rc5 c3 44. Kf2 b6 45. Ke2 Rd2+ 0-1

[Event "Olomouc Inline Czechia Cup"]
[Site "Olomouc"]
[Date "2006.08.09"]
[Round "10.5"]
[White "Skjoldborg, Jesper"]
[Black "Cifka, Stanislav"]
[Result "1/2-1/2"]
[WhiteElo "2290"]
[BlackElo "2342"]
[PlyCount "77"]
[EventDate "2006.08.02"]
[EventType "tourn"]
[EventRounds "11"]
[EventCountry "CZE"]
[EventCategory "3"]
[SourceTitle "CBM 113 Extra"]
[Source "ChessBase"]
[SourceDate "2006.09.14"]
[SourceVersion "1"]
[SourceVersionDate "2006.09.14"]
[SourceQuality "1"]

1. e4 e5 2. Bc4 Nc6 3. Nf3 Nf6 4. d4 exd4 5. 0-0 Bc5 6. e5 d5 7. exf6 dxc4 8. fxg7 Rg8 9. Bg5 f6 10. Re1+ Kf7 11. Bh6 Bf5 12. Nh4 Bg6 13. Nxg6 Kxg6 14. Bf4 Kxg7 15. Qh5 Bd6 16. Bh6+ Kh8 17. Nd2 Ne5 18. Re4 Rg6 19. Rxd4 Qg8 20. g3 Bc5 21. Re4 Qd5 22. Re2 Qf7 23. Qh3 Ng4 24. Bf4 Re8 25. Qf1 Rxe2 26. Qxe2 Nxf2 27. Be3 Nh3+ 28. Kg2 Qd5+ 29. Kxh3 Qe6+ 30. Kg2 Bxe3 31. Re1 Qc6+ 32. Nf3 Bc5 33. Qxc4 Bd6 34. Qf7 Be5 35. c3 Rg7 36. Qh5 Rg5 37. Qh6 Rg6 38. Qh5 Rg5 39. Qxg5 1/2-1/2

[Event "Olomouc Inline Czechia Cup"]
[Site "Olomouc"]
[Date "2006.08.06"]
[Round "6"]
[White "Chytilek, Roman"]
[Black "Skjoldborg, Jesper"]
[Result "1/2-1/2"]
[WhiteElo "2392"]
[BlackElo "2290"]
[PlyCount "65"]
[EventDate "2006.08.02"]
[EventType "tourn"]
[EventRounds "11"]
[EventCountry "CZE"]
[EventCategory "3"]
[SourceTitle "CBM 113 Extra"]
[Source "ChessBase"]
[SourceDate "2006.09.14"]
[SourceVersion "1"]
[SourceVersionDate "2006.09.14"]
[SourceQuality "1"]

1. Nf3 d5 2. d4 Nf6 3. c4 c6 4. Nc3 a6 5. e3 b5 6. c5 g6 7. Ne5 Nfd7 8. f4 f6 9. Nf3 f5 10. Qb3 a5 11. a4 b4 12. Nxd5 Nxc5 13. dxc5 cxd5 14. Bb5+ Kf7 15. Ne5+ Kg8 16. 0-0 Bg7 17. Nc6 Nxc6 18. Bxc6 Ra6 19. Bxd5+ e6 20. Bf3 h6 21. Rd1 Qc7 22. Qc4 Kh7 23. e4 Bb7 24. Rb1 fxe4 25. Bxe4 Bxe4 26. Qxe4 Qxc5+ 27. Be3 Qc6 28. Qxc6 Rxc6 29. Rd7 Rhc8 30. Rbd1 R8c7 31. b3 Rxd7 32. Rxd7 Kg8 33. Rd3 1/2-1/2

[Event "Olomouc Inline Czechia Cup"]
[Site "Olomouc"]
[Date "2006.08.05"]
[Round "5"]
[White "Skjoldborg, Jesper"]
[Black "Garrido Dominguez, Jesus"]
[Result "1-0"]
[WhiteElo "2290"]
[BlackElo "2341"]
[PlyCount "77"]
[EventDate "2006.08.02"]
[EventType "tourn"]
[EventRounds "11"]
[EventCountry "CZE"]
[EventCategory "3"]
[SourceTitle "CBM 113 Extra"]
[Source "ChessBase"]
[SourceDate "2006.09.14"]
[SourceVersion "1"]
[SourceVersionDate "2006.09.14"]
[SourceQuality "1"]

1. e4 e5 2. Nf3 Nc6 3. Bc4 Bc5 4. 0-0 Nf6 5. d4 Nxd4 6. Nxe5 Ne6 7. Nd3 Be7 8. e5 Ne4 9. Bxe6 dxe6 10. Qg4 Qd5 11. Qxg7 Rf8 12. Qxh7 Bd7 13. Bh6 Bc6 14. Bxf8 Ng5 15. Nf4 Qxe5 16. Bg7 Qxf4 17. Qh5 0-0-0 18. f3 Rg8 19. Nc3 Nxf3+ 20. Kh1 Qg5 21. Qxg5 Nxg5 22. Be5 Nh3 23. Bg3 f5 24. Ne2 Bd6 25. Nd4 Be4 26. Nf3 Bxg3 27. hxg3 Rxg3 28. Kh2 f4 29. gxh3 Bxf3 30. Rg1 Rxg1 31. Rxg1 Be4 32. Re1 Bf5 33. h4 Kd7 34. c3 Ke7 35. Kg2 Kf6 36. Kf3 e5 37. h5 Be6 38. Rg1 Bd5+ 39. Kf2 1-0

[Event "Olomouc Inline Czechia Cup"]
[Site "Olomouc"]
[Date "2006.08.03"]
[Round "2"]
[White "Klecker, Tadeas"]
[Black "Skjoldborg, Jesper"]
[Result "1-0"]
[WhiteElo "1955"]
[BlackElo "2290"]
[PlyCount "59"]
[EventDate "2006.08.02"]
[EventType "tourn"]
[EventRounds "11"]
[EventCountry "CZE"]
[EventCategory "3"]
[SourceTitle "CBM 113 Extra"]
[Source "ChessBase"]
[SourceDate "2006.09.14"]
[SourceVersion "1"]
[SourceVersionDate "2006.09.14"]
[SourceQuality "1"]

1. Nf3 Nf6 2. c4 e6 3. Nc3 c5 4. g3 b6 5. Bg2 Bb7 6. d3 d5 7. Ne5 Bd6 8. Qa4+ Kf8 9. Bf4 a6 10. Nd7+ Qxd7 11. Qxd7 Nbxd7 12. Bxd6+ Kg8 13. b4 cxb4 14. Bxb4 Rc8 15. 0-0 Bc6 16. cxd5 exd5 17. Rfc1 Ba8 18. Nxd5 Re8 19. Ne7+ Kf8 20. Ng6+ Kg8 21. Nxh8 Bxg2 22. Kxg2 Kxh8 23. Rc2 h6 24. Rac1 Kh7 25. Bc3 Nd5 26. e4 Nxc3 27. Rxc3 Nc5 28. d4 Nxe4 29. Re3 f5 30. f3 1-0

[Event "Prague op 05th"]
[Site "Prague"]
[Date "2006.01.14"]
[Round "2"]
[White "Splichal, Petr"]
[Black "Skjoldborg, Jesper"]
[Result "1/2-1/2"]
[WhiteElo "2010"]
[BlackElo "2279"]
[PlyCount "35"]
[EventDate "2006.01.13"]
[EventType "swiss"]
[EventRounds "9"]
[EventCountry "CZE"]
[SourceTitle "CBM 110 Extra"]
[Source "ChessBase"]
[SourceDate "2006.03.10"]
[SourceVersion "2"]
[SourceVersionDate "2006.03.10"]
[SourceQuality "1"]

1. d4 Nf6 2. Bg5 c5 3. Bxf6 gxf6 4. d5 Qb6 5. Qc1 Bg7 6. Nd2 e6 7. e4 0-0 8. Bd3 f5 9. Nc4 Qc7 10. a4 fxe4 11. Bxe4 exd5 12. Bxd5 Re8+ 13. Ne2 Nc6 14. c3 b6 15. Qd2 Bb7 16. 0-0 Ne5 17. Ng3 Nxc4 18. Bxc4 1/2-1/2

[Event "Pardubice op-A"]
[Site "Pardubice"]
[Date "2005.07.23"]
[Round "2"]
[White "Jankovic, Alojzije"]
[Black "Skjoldborg, Jesper"]
[Result "1/2-1/2"]
[WhiteElo "2475"]
[BlackElo "2291"]
[PlyCount "44"]
[EventDate "2005.07.22"]
[EventType "swiss"]
[EventRounds "9"]
[EventCountry "CZE"]
[SourceTitle "CBM 107 Extra"]
[Source "ChessBase"]
[SourceDate "2005.09.01"]
[SourceVersion "1"]
[SourceVersionDate "2005.09.01"]
[SourceQuality "1"]

1. d4 Nf6 2. Nf3 e6 3. c4 b6 4. a3 Ba6 5. Qc2 Bb7 6. Nc3 c5 7. dxc5 bxc5 8. Bf4 d6 9. Rd1 Qb6 10. e3 Be7 11. Be2 0-0 12. 0-0 Rd8 13. Rd2 Nbd7 14. Rfd1 Nf8 15. h3 Rd7 16. Bh2 Rad8 17. Qb1 a5 18. Bd3 Bc6 19. Bc2 Qb7 20. Ba4 Ne4 21. Rd3 Nxc3 22. Bxc6 Nxb1 1/2-1/2

[Event "North Sea Cup 20th"]
[Site "Esbjerg"]
[Date "2005.07.03"]
[Round "3"]
[White "Skjoldborg, Jesper"]
[Black "Goloshchapov, Alexander"]
[Result "1/2-1/2"]
[WhiteElo "2291"]
[BlackElo "2519"]
[PlyCount "38"]
[EventDate "2005.07.02"]
[EventType "swiss"]
[EventRounds "9"]
[EventCountry "DEN"]
[SourceTitle "CBM 107 Extra"]
[Source "ChessBase"]
[SourceDate "2005.09.01"]
[SourceVersion "1"]
[SourceVersionDate "2005.09.01"]
[SourceQuality "1"]

1. e4 c5 2. Nf3 Nc6 3. d4 cxd4 4. Nxd4 Qb6 5. Nb3 Nf6 6. Nc3 e6 7. Bd3 a6 8. 0-0 Be7 9. Be3 Qc7 10. f4 d6 11. Kh1 b5 12. a3 Bb7 13. Qf3 0-0 14. Qh3 b4 15. axb4 Nxb4 16. e5 dxe5 17. fxe5 Qxe5 18. Ra5 Bd5 19. Nxd5 exd5 1/2-1/2

[Event "Prague op-A 04th"]
[Site "Prague"]
[Date "2005.01.16"]
[Round "4"]
[White "Skjoldborg, Jesper"]
[Black "Orlov, Andrey"]
[Result "0-1"]
[WhiteElo "2274"]
[BlackElo "2403"]
[PlyCount "40"]
[EventDate "2005.01.14"]
[EventType "swiss"]
[EventRounds "9"]
[EventCountry "CZE"]
[SourceTitle "CBM 104 Extra"]
[Source "ChessBase"]
[SourceDate "2005.03.01"]
[SourceVersion "1"]
[SourceVersionDate "2005.03.01"]
[SourceQuality "1"]

1. e4 d6 2. d4 Nf6 3. Nc3 e5 4. Nf3 exd4 5. Nxd4 Be7 6. Bf4 a6 7. a4 0-0 8. f3 c5 9. Nde2 Nc6 10. Nd5 Nxd5 11. exd5 Ne5 12. Bxe5 dxe5 13. c4 f5 14. Nc3 Bg5 15. Qe2 e4 16. Kf2 Bf6 17. f4 Bd4+ 18. Ke1 g5 19. fxg5 f4 20. h4 f3 0-1

[Event "Marianske Lazne op"]
[Site "Marianske Lazne"]
[Date "2004.01.30"]
[Round "8"]
[White "Skjoldborg, Jesper"]
[Black "Szoen, Dariusz"]
[Result "0-1"]
[WhiteElo "2253"]
[BlackElo "2284"]
[PlyCount "66"]
[EventDate "2004.01.24"]
[EventType "swiss"]
[EventRounds "9"]
[EventCountry "CZE"]
[SourceTitle "CBM 098 Extra"]
[Source "ChessBase"]
[SourceDate "2004.03.10"]
[SourceVersion "2"]
[SourceVersionDate "2004.03.10"]
[SourceQuality "1"]

1. e4 e6 2. d4 d5 3. Nd2 Nf6 4. e5 Nfd7 5. Bd3 c5 6. c3 Nc6 7. Ngf3 Qb6 8. 0-0 cxd4 9. cxd4 Nxd4 10. Nxd4 Qxd4 11. Nf3 Qb6 12. Qa4 Be7 13. Qg4 Kf8 14. Be3 Qxb2 15. Qh5 Qa3 16. Ng5 Bxg5 17. Qxg5 Qe7 18. Qh5 h6 19. Rac1 g6 20. Qh3 Kg7 21. f4 b6 22. g4 Nc5 23. Bb1 Ne4 24. Bxe4 dxe4 25. Rf2 h5 26. gxh5 Rxh5 27. Qg2 Bb7 28. Rcf1 Ba6 29. Qxe4 Bb7 30. Qd4 Qh4 31. Rd1 Qg3+ 32. Kf1 Ba6+ 33. Ke1 Rxh2 0-1

[Event "Marianske Lazne op"]
[Site "Marianske Lazne"]
[Date "2004.01.28"]
[Round "6"]
[White "Skytte, Rasmus"]
[Black "Skjoldborg, Jesper"]
[Result "1/2-1/2"]
[WhiteElo "2401"]
[BlackElo "2253"]
[PlyCount "28"]
[EventDate "2004.01.24"]
[EventType "swiss"]
[EventRounds "9"]
[EventCountry "CZE"]
[SourceTitle "CBM 098 Extra"]
[Source "ChessBase"]
[SourceDate "2004.03.10"]
[SourceVersion "2"]
[SourceVersionDate "2004.03.10"]
[SourceQuality "1"]

1. Nf3 Nf6 2. g3 b6 3. Bg2 Bb7 4. 0-0 e6 5. b3 Be7 6. Bb2 0-0 7. d3 d6 8. e4 c5 9. Nbd2 Nfd7 10. Qe2 Qc7 11. d4 cxd4 12. Nxd4 a6 13. Rfd1 Nc6 14. Nxc6 Bxc6 1/2-1/2

[Event "Politiken Cup 25th"]
[Site "Copenhagen"]
[Date "2003.07.24"]
[Round "10"]
[White "Skjoldborg, Jesper"]
[Black "Christensen, Tobias"]
[Result "0-1"]
[WhiteElo "2253"]
[BlackElo "2371"]
[PlyCount "88"]
[EventDate "2003.07.14"]
[EventType "swiss"]
[EventRounds "11"]
[EventCountry "DEN"]
[SourceTitle "CBM 095 Extra"]
[Source "ChessBase"]
[SourceDate "2003.09.04"]
[SourceVersion "1"]
[SourceVersionDate "2003.09.04"]
[SourceQuality "1"]

1. e4 e5 2. Bc4 Nf6 3. d4 exd4 4. Nf3 Nc6 5. 0-0 Nxe4 6. Re1 d5 7. Bxd5 Qxd5 8. Nc3 Qh5 9. Nxe4 Be7 10. Bg5 Bg4 11. Bxe7 Bxf3 12. gxf3 Nxe7 13. Qe2 Kf8 14. Rad1 Nc6 15. Ng3 Qd5 16. b4 b5 17. Rc1 f6 18. f4 Qc4 19. Qxc4 bxc4 20. Re4 Re8 21. Rxe8+ Kxe8 22. b5 Ne7 23. Rd1 c5 24. Ne4 Kf7 25. Nxc5 Rd8 26. Kg2 Rd5 27. Ne4 h6 28. a4 Nc8 29. Nc3 Rd6 30. Ne2 d3 31. cxd3 cxd3 32. Nc1 d2 33. Nb3 Nb6 34. Rxd2 Rxd2 35. Nxd2 Nxa4 36. Nc4 Ke6 37. Kf3 Kd5 38. Na3 Nc3 39. Kg4 Kc5 40. Kf5 Nxb5 41. Nb1 a5 42. Kg6 a4 43. Kxg7 Kb4 44. Kxh6 Nc3 0-1

[Event "Politiken Cup 25th"]
[Site "Copenhagen"]
[Date "2003.07.15"]
[Round "2"]
[White "Knudsen, Jes West"]
[Black "Skjoldborg, Jesper"]
[Result "0-1"]
[WhiteElo "2015"]
[BlackElo "2253"]
[PlyCount "54"]
[EventDate "2003.07.14"]
[EventType "swiss"]
[EventRounds "11"]
[EventCountry "DEN"]
[SourceTitle "CBM 095 Extra"]
[Source "ChessBase"]
[SourceDate "2003.09.04"]
[SourceVersion "1"]
[SourceVersionDate "2003.09.04"]
[SourceQuality "1"]

1. e4 e5 2. d4 exd4 3. Bc4 Nf6 4. Nf3 Nc6 5. e5 d5 6. Bb5 Ne4 7. Nxd4 Bc5 8. Be3 Bd7 9. Bxc6 bxc6 10. c3 Qe7 11. f3 Nf6 12. f4 Ng4 13. Qe2 0-0 14. Nxc6 Bxc6 15. Bxc5 Qxc5 16. Qxg4 f6 17. e6 Qe3+ 18. Kd1 f5 19. Qe2 Qxf4 20. e7 Rf7 21. Re1 Re8 22. Qe6 Rexe7 23. Qxc6 Qg4+ 24. Kd2 Qxg2+ 25. Kd1 Rxe1+ 26. Kxe1 Re7+ 27. Kd1 Re2 0-1

[Event "DEN-chB"]
[Site "Horsens"]
[Date "2003.04.17"]
[Round "3"]
[White "Skjoldborg, Jesper"]
[Black "Borbjerggaard, Lars"]
[Result "1/2-1/2"]
[WhiteElo "2253"]
[BlackElo "2407"]
[PlyCount "33"]
[EventDate "2003.04.15"]
[EventType "swiss"]
[EventRounds "7"]
[EventCountry "DEN"]
[SourceTitle "EXT 2005"]
[Source "ChessBase"]
[SourceDate "2004.11.15"]
[SourceVersion "1"]
[SourceVersionDate "2004.11.15"]
[SourceQuality "1"]

1. e4 c6 2. d4 d5 3. exd5 cxd5 4. c4 Nf6 5. Nc3 e6 6. Nf3 Be7 7. cxd5 Nxd5 8. Bd3 0-0 9. 0-0 Nc6 10. Re1 Nxc3 11. bxc3 b6 12. Qe2 Bb7 13. Qe4 g6 14. Qg4 e5 15. Nxe5 Nxe5 16. Rxe5 Bd6 17. Rh5 1/2-1/2

[Event "Olomouc op"]
[Site "Olomouc"]
[Date "2002.08.02"]
[Round "3"]
[White "Berezjuk, Sergej"]
[Black "Skjoldborg, Jesper"]
[Result "1-0"]
[WhiteElo "2430"]
[BlackElo "2201"]
[PlyCount "93"]
[EventDate "2002.07.31"]
[EventType "swiss"]
[EventRounds "9"]
[EventCountry "CZE"]
[SourceTitle "CBM 089 Extra"]
[Source "ChessBase"]
[SourceDate "2002.09.10"]
[SourceVersion "2"]
[SourceVersionDate "2002.09.10"]
[SourceQuality "1"]

1. d4 d5 2. c4 e6 3. Nc3 Be7 4. cxd5 exd5 5. Bf4 Nf6 6. e3 0-0 7. Bd3 Re8 8. Nf3 Nbd7 9. Qc2 a6 10. 0-0-0 Nf8 11. h3 Be6 12. Kb1 Rc8 13. Na4 c5 14. Nxc5 Bxc5 15. dxc5 N8d7 16. Bd6 Qa5 17. Qd2 Qxd2 18. Rxd2 Nxc5 19. Bxc5 Rxc5 20. Rc1 Rxc1+ 21. Kxc1 Rc8+ 22. Rc2 Rxc2+ 23. Kxc2 Kf8 24. Kc3 Ke7 25. a3 Kd6 26. b4 Nd7 27. Nd2 Nf8 28. Nb3 Bc8 29. Nc5 h6 30. Be2 Ne6 31. Nb3 Bd7 32. Nd4 Nxd4 33. Kxd4 Bc6 34. Bh5 Be8 35. Bf3 Bc6 36. Be2 Bb5 37. Bd1 Bc6 38. a4 b6 39. a5 bxa5 40. bxa5 f6 41. Bg4 Bb7 42. h4 Kc6 43. f4 Kd6 44. g3 g5 45. Bf5 gxf4 46. gxf4 Bc6 47. Bc8 1-0

[Event "Smith & Williamson YM 12th"]
[Site "Millfield"]
[Date "2002.07.13"]
[Round "5"]
[White "Skjoldborg, Jesper"]
[Black "Addison, Bret"]
[Result "0-1"]
[WhiteElo "2201"]
[BlackElo "2219"]
[PlyCount "70"]
[EventDate "2002.07.10"]
[EventType "swiss"]
[EventRounds "9"]
[EventCountry "ENG"]
[SourceTitle "CBM 089 Extra"]
[Source "ChessBase"]
[SourceDate "2002.09.10"]
[SourceVersion "2"]
[SourceVersionDate "2002.09.10"]
[SourceQuality "1"]

1. e4 g6 2. d4 Bg7 3. Nc3 c6 4. Nf3 d6 5. h3 b5 6. Bd3 Nd7 7. Be3 Qc7 8. Qd2 Bb7 9. 0-0 a6 10. a4 b4 11. Ne2 c5 12. c3 c4 13. Bb1 b3 14. d5 Ngf6 15. Bh6 0-0 16. Qg5 Rfe8 17. Bxg7 Kxg7 18. Nfd4 e6 19. dxe6 fxe6 20. Ng3 Qc5 21. Qd2 Rad8 22. Kh1 e5 23. Ndf5+ gxf5 24. Nxf5+ Kh8 25. Nxd6 Bc6 26. Nf7+ Kg7 27. Nxd8 Rxd8 28. Qe2 Nf8 29. f4 Ng6 30. fxe5 Nxe5 31. Rf5 Qd6 32. Bd3 cxd3 33. Qd2 Bxe4 34. Rf2 Bg6 35. Raf1 Ne4 0-1

[Event "Rilton Cup 31st"]
[Site "Stockholm"]
[Date "2001.12.27"]
[Round "1"]
[White "Marin, Mihail"]
[Black "Skjoldborg, Jesper"]
[Result "1-0"]
[WhiteElo "2561"]
[BlackElo "2181"]
[PlyCount "79"]
[EventDate "2001.12.27"]
[EventType "swiss"]
[EventRounds "9"]
[EventCountry "SWE"]
[SourceTitle "CBM 085 Extra"]
[Source "ChessBase"]
[SourceDate "2002.01.21"]
[SourceVersion "1"]
[SourceVersionDate "2002.01.21"]
[SourceQuality "1"]

1. c4 Nf6 2. Nc3 e5 3. Nf3 Nc6 4. g3 d5 5. cxd5 Nxd5 6. Bg2 Be6 7. 0-0 Be7 8. d4 exd4 9. Nxd4 Nxd4 10. Qxd4 Nxc3 11. Qxc3 0-0 12. Bxb7 Rb8 13. Bf3 Rb5 14. Qc6 Qb8 15. b3 Rb6 16. Qc2 Bf6 17. Ba3 Bxa1 18. Bxf8 Qxf8 19. Rxa1 c5 20. Rc1 Ra6 21. Bb7 Ra5 22. Rd1 Rb5 23. Bd5 Rb6 24. Bxe6 Rxe6 25. Rd5 g6 26. h4 Qe7 27. Qxc5 Qxc5 28. Rxc5 Rxe2 29. Ra5 Re7 30. Kg2 Kf8 31. Kf3 Rc7 32. b4 Ke7 33. Ra6 f6 34. b5 h5 35. a4 Kf7 36. Ke4 g5 37. f4 gxh4 38. gxh4 Kg6 39. f5+ Kf7 40. Kd5 1-0

[Event "Rilton Cup 31st"]
[Site "Stockholm"]
[Date "2001.12.27"]
[Round "1"]
[White "Rowson, Jonathan"]
[Black "Skjoldborg, Jesper"]
[Result "1-0"]
[WhiteElo "2512"]
[BlackElo "2181"]
[PlyCount "39"]
[EventDate "2001.12.27"]
[EventType "swiss"]
[EventRounds "9"]
[EventCountry "SWE"]
[SourceTitle "CBM 085 Extra"]
[Source "ChessBase"]
[SourceDate "2002.01.21"]
[SourceVersion "1"]
[SourceVersionDate "2002.01.21"]
[SourceQuality "1"]

1. e4 c5 2. Nf3 d6 3. Nc3 Nc6 4. d4 cxd4 5. Nxd4 g6 6. Be3 Bg7 7. Qd2 Nf6 8. f3 0-0 9. Bc4 Bd7 10. 0-0-0 Qa5 11. Kb1 Rfc8 12. Bb3 Ne5 13. h4 Nc4 14. Bxc4 Rxc4 15. Nb3 Qc7 16. h5 b5 17. hxg6 hxg6 18. Bh6 Bh8 19. Bg5 Rxc3 20. Rxh8+ 1-0